Catálogo

RECURSDOS HUMANOS EN LAS ORGANIZACIONES (Registro nro. 39137)

Detalles MARC
000 -LEADER
fixed length control field 00818nam a2200217 a 4500
001 - CONTROL NUMBER
control field 39137
005 - DATE AND TIME OF LATEST TRANSACTION
control field 20180714012610.0
008 - FIXED-LENGTH DATA ELEMENTS--GENERAL INFORMATION
fixed length control field 140415s1995 mx 000 0 spa d
020 ## - INTERNATIONAL STANDARD BOOK NUMBER
International Standard Book Number 9706130535
041 ## - LANGUAGE CODE
Language code of text/sound track or separate title spa
082 ## - DEWEY DECIMAL CLASSIFICATION NUMBER
Classification number 658.312
Item number KOS
100 1# - MAIN ENTRY--PERSONAL NAME
Personal name KOSSEN, STAN
245 10 - TITLE STATEMENT
Title RECURSDOS HUMANOS EN LAS ORGANIZACIONES
250 ## - EDITION STATEMENT
Edition statement 5ed.
260 ## - PUBLICATION, DISTRIBUTION, ETC.
Place of publication, distribution, etc. MEXICO :
Name of publisher, distributor, etc. HARLA,
Date of publication, distribution, etc. 1995
300 ## - PHYSICAL DESCRIPTION
Extent 534
Dimensions x 17 x 23
520 ## - SUMMARY, ETC.
Summary, etc. LA INTENCIÓN FUE DESARROLLAR MATERIAL PARA LOS ESTUDIANTES UNIVERSITARIOS DE RELACIONES HUMANAS/COMPORTAMIENTO ORGANIZACIONAL. EL TEXTO NO DEBERÍA SER SOLO PRÁCTICO, SINO TAMBIÉN INTERESANTE Y AGRADABLE PARA LOS LECTORES.
650 14 - SUBJECT ADDED ENTRY--TOPICAL TERM
Topical term or geographic name entry element RECURSOS HUMANOS
General subdivision RELACIONES LABORALES
700 1# - ADDED ENTRY--PERSONAL NAME
Personal name LEMUNS BASURTO, YOLANDA
Relator term tr.
740 ## - ADDED ENTRY--UNCONTROLLED RELATED/ANALYTICAL TITLE
Uncontrolled related/analytical title THE HUMAN SIDE OF ORGANIZATIONS
Existencias
Withdrawn status Lost status Source of classification or shelving scheme Damaged status Not for loan Collection code Home library Current library Shelving location Date acquired Source of acquisition Inventory number Total Checkouts Full call number Barcode Date last seen Date last checked out Price effective from Koha item type
    Dewey Decimal Classification     General Biblioteca Karol Wojtyla Biblioteca Karol Wojtyla Sala general 03/12/2013 Compra 151000000000000000021580 2 658.312 KOS 58829 05/01/2026 07/04/2025 03/12/2013 Libro